Using computers

Bibliographic Details
Main Author: Dologite, D. G.
Other Authors: Mockler, R. J.
Format: Book
Language:English
Published: Englewood Cliffs, NJ : Prentice Hall , 1989
Edition:2nd ed.
Subjects:

MARC

LEADER 00000cam a2200000 7i4500
001 0000000223
005 20230517.0
008 991123 nju eng
020 |a 0139433090 (pbk) 
040 |a INS 
090 0 0 |a QA76   |b .D64 1989 
100 1 |a Dologite, D. G. 
245 1 0 |a Using computers   |c D. G. Dologite and R. J. Mockler 
250 |a 2nd ed. 
260 |a Englewood Cliffs, NJ :   |b Prentice Hall ,   |c 1989 
300 |a xix, 764 p. :   |b Col., ill. ;   |c 28 cm. 
500 |a Includes index 
650 0 |a Computer software 
650 0 |a Computers 
700 1 |a Mockler, R. J. 
999 |a 0000004550   |b BOOK   |c Open Shelf   |e Default branch 
999 |a 0000024067   |b BOOK   |c Open Shelf   |e Default branch